00535nam a2200193 a 4500001001300000003000900013005001700022008004100039020002400080082001600104100002500120245003900145260004300184300000900227500003500236505001700271650002800288700002500316nice12345678IN_TiNIC20260116014735.0050524s2002 cama grp 000 0 eng  a1903682 c118800a297.1bNAS4 aNasr, Seyyed Hossein aIslam and the Plight of Modern Man aCambridgebIslamic Texts Societyc2002 a298p aincludes index and biblioraphy2 aBibliography aIslam-Western-Influence1 aNasr, Seyyed Hossein